مكتبة جامعة عجلون الوطنية

فهرس بحث المكتبة

فاعلية برنامج تدريبي قائم على القصص ثلاثية الأبعاد في تنمية مهارات الطلاقة القرائية لدى الطلبة ذوي صعوبات التعلم = The Effectiveness of a Training program Based on Three-Dimensional stories (POP UP Stories) in Developing Reading Fluency Skills among Students with Learning Disabilities (Record no. 33969)

MARC details
000 -LEADER
fixed length control field 01186nam a22002057a 4500
003 - CONTROL NUMBER IDENTIFIER
control field JO-AjAnu
005 - DATE AND TIME OF LATEST TRANSACTION
control field 20250923092123.0
008 - FIXED-LENGTH DATA ELEMENTS--GENERAL INFORMATION
fixed length control field 250921b jo ||||| |||| 00| 0 ara d
040 ## - CATALOGING SOURCE
Original cataloging agency anu
Transcribing agency JO-AjAnu
041 ## - LANGUAGE CODE
Language code of original ara
100 ## - MAIN ENTRY--PERSONAL NAME
Personal name عناني، هيام قاسم عوض
Relator term معد
9 (RLIN) 66640
245 ## - TITLE STATEMENT
Title فاعلية برنامج تدريبي قائم على القصص ثلاثية الأبعاد في تنمية مهارات الطلاقة القرائية لدى الطلبة ذوي صعوبات التعلم = The Effectiveness of a Training program Based on Three-Dimensional stories (POP UP Stories) in Developing Reading Fluency Skills among Students with Learning Disabilities
Statement of responsibility, etc. / اعداد هيام قاسم عوض عناني ؛ اشراف برهان حمادنة
260 ## - PUBLICATION, DISTRIBUTION, ETC.
Date of publication, distribution, etc. 2025
300 ## - PHYSICAL DESCRIPTION
Extent 96 ورقة
500 ## - GENERAL NOTE
General note رسالة جامعية (رسالة ماجستير في صعوبات التعلم) كلية العلوم التربوية - جامعة عجلون الوطنية ؛ 2025
600 ## - SUBJECT ADDED ENTRY--PERSONAL NAME
Source of heading or term 95
650 ## - SUBJECT ADDED ENTRY--TOPICAL TERM
Form subdivision صعوبات التعلم-صعوبات القراءة
700 ## - ADDED ENTRY--PERSONAL NAME
Personal name حمادنة، برهان محمود
Relator term مشرف
9 (RLIN) 66032
942 ## - ADDED ENTRY ELEMENTS (KOHA)
Source of classification or shelving scheme Library of Congress Classification
Koha item type Thesis
Suppress in OPAC No
Holdings
Withdrawn status Lost status Source of classification or shelving scheme Damaged status Not for loan Home library Current library Date acquired Total Checkouts Full call number Barcode Date last seen Price effective from Koha item type
    Library of Congress Classification     مكتبة جامعة عجلون الوطنية مكتبة جامعة عجلون الوطنية 21/09/2025   LC4704.2025 A30328 21/09/2025 21/09/2025 Thesis
    Library of Congress Classification     مكتبة جامعة عجلون الوطنية مكتبة جامعة عجلون الوطنية 21/09/2025   LC4704.2025 A30327 21/09/2025 21/09/2025 Thesis